| 000 | 01111nas a2200313 4500 | ||
|---|---|---|---|
| 001 | BR8402463 | ||
| 003 | BR-BrBNA | ||
| 005 | 20231205085915.0 | ||
| 007 | ta | ||
| 008 | 230509b bl.|||p| |||| 00| 00por d | ||
| 040 |
_aBR-BrBNA _bpor _cBiblioteca Nacional de Agricultura |
||
| 041 | _a(Pt) | ||
| 072 | _aL73 | ||
| 100 | 1 | _aSposito Filha, E. | |
| 100 | 1 | _aAmaral, V. do | |
| 100 | 1 | _aSantos, S.M. | |
| 100 | 1 | _aMacruz, R. | |
| 100 | 1 | _aReboucas, M.M. | |
| 245 | 1 | _aToxoplasma gondii em caprinos: isolamento de cepas a partir de diafragmas de animais oriundos do estado da Bahia e abatidos em matadouros de Sao Paulo, Brasil [toxoplasmose] | |
| 246 | 1 | _aToxoplasma gondii in goats: strain isolation from animals diaphragms deriving from the state of Bahia and slaughtered in Sao Paulo, Brazil [toxoplasmosis] | |
| 650 | _aCAPRINO | ||
| 650 | _aTOXOPLASMOSE | ||
| 650 | _aANTICORPO | ||
| 650 | _aBAHIA | ||
| 650 | _aSAO PAULO | ||
| 773 | 0 |
_tBiologico (Brazil) _xISSN 0366-0567 _g(Aug 1983), v. 49(8) p. 199-206 _wBR8402463 |
|
| 909 |
_a202311 _bLúcia _c55 _dLúcia Elande |
||
| 942 |
_2AGRIS _n0 _cANA |
||
| 999 |
_c114688 _d114688 |
||